Trace mentals in water at various stages of treatment in a water treatment plant (Record no. 20588)

000 -LEADER
fixed length control field 00453pab a2200157 454500
008 - FIXED-LENGTH DATA ELEMENTS--GENERAL INFORMATION
fixed length control field 180718b1984 xxu||||| |||| 00| 0 eng d
100 ## - MAIN ENTRY--PERSONAL NAME
Personal name Hasan, M.Z.
245 ## - TITLE STATEMENT
Title Trace mentals in water at various stages of treatment in a water treatment plant
260 ## - PUBLICATION, DISTRIBUTION, ETC.
Date of publication, distribution, etc. 1984
300 ## - PHYSICAL DESCRIPTION
Extent 1-6
362 ## - DATES OF PUBLICATION AND/OR SEQUENTIAL DESIGNATION
Dates of publication and/or sequential designation Jan.
650 ## - SUBJECT ADDED ENTRY--TOPICAL TERM
Topical term or geographic name entry element Water Purification - India - Maharashtra
700 ## - ADDED ENTRY--PERSONAL NAME
Personal name S.P. Pande
773 ## - HOST ITEM ENTRY
Main entry heading Indian Journal of Environment Health
909 ## -
-- 20588
Holdings
Withdrawn status Lost status Damaged status Not for loan Permanent Location Current Location Date acquired Serial Enumeration / chronology Barcode Date last seen Price effective from Koha item type
        Indian Institute of Public Administration Indian Institute of Public Administration 2018-07-19 Volume no: 26, Issue no: 1 AR20657 2018-07-19 2018-07-19 Articles

Powered by Koha